Guide to international aid and lending institutions. (Record no. 18313)

000 -LEADER
fixed length control field 00542cam a2200157 a 4500
040 ## - CATALOGING SOURCE
Transcribing agency DLC
082 ## - DEWEY DECIMAL CLASSIFICATION NUMBER
Classification number 442 1994 CDR C142 Or.
245 00 - TITLE STATEMENT
Title Guide to international aid and lending institutions.
250 ## - EDITION STATEMENT
Edition statement 2nd ed. rev. & updated.
260 ## - PUBLICATION, DISTRIBUTION, ETC. (IMPRINT)
Place of publication Phnom Penh :
Name of publisher Cambodia Development Resource Institute,
Year of publication 1994.
300 ## - PHYSICAL DESCRIPTION
Number of Pages iii, 268 p. ;
Dimensions 22 cm.
650 #0 - SUBJECT ADDED ENTRY--TOPICAL TERM
Topical Term Economic assistance
650 #0 - SUBJECT ADDED ENTRY--TOPICAL TERM
Topical Term Financial institutions
710 2# - ADDED ENTRY--CORPORATE NAME
Corporate name or jurisdiction name as entry element Vidyāsthān Paṇṭuḥ Paṇṭāl niṅ Srāvjrāv ṭoempī Qabhivaḍḍhn ̊Kambujā.
942 ## - ADDED ENTRY ELEMENTS (KOHA)
Koha item type សៀវភៅភាសាអង់គ្លេស
952 ## - LOCATION AND ITEM INFORMATION (KOHA)
Withdrawn status [LOCAL, KOHA] 0
Holdings
Source of acquisition Permanent Location Date acquired Koha item type Lost status Shelving location Current Location Full call number
A35989Library Block A2019-10-22សៀវភៅភាសាអង់គ្លេស A142Library Block A442 1994 CDR C142 Or.
មជ្ឈមណ្ឌលឯការនៃសាកលវិទ្យាល័យភូមិន្ទកសិកម្មចំការដូង

Powered by Koha